Schaum’s outline of theory and problems of statistics / (Record no. 8432)

MARC details
000 -LEADER
fixed length control field 01328nac a22003375i 4500
003 - CONTROL NUMBER IDENTIFIER
control field EG-ScBUE
005 - DATE AND TIME OF LATEST TRANSACTION
control field 20250529085623.0
008 - FIXED-LENGTH DATA ELEMENTS--GENERAL INFORMATION
fixed length control field 150824s1992 e a f 001 0 eng d
020 ## - INTERNATIONAL STANDARD BOOK NUMBER
International Standard Book Number 9780071128209
020 ## - INTERNATIONAL STANDARD BOOK NUMBER
International Standard Book Number 0071128204
040 ## - CATALOGING SOURCE
Original cataloging agency EG-ScBUE
Language of cataloging eng
Description conventions rda
Transcribing agency EG-ScBUE
Modifying agency EG-ScBUE
082 04 - DEWEY DECIMAL CLASSIFICATION NUMBER
Classification number 519.5076
Item number SPI
Edition number 22
100 1# - MAIN ENTRY--PERSONAL NAME
Personal name Spiegel, Murray R.,
9 (RLIN) 2617
Relator term author.
245 10 - TITLE STATEMENT
Title Schaum’s outline of theory and problems of statistics /
Statement of responsibility, etc Murray R. Spiegel, Ph.D., former professor and chairman, Mathematics Department, Rensselaer Polytechnic Institute, Hartford Graduate Center ; adapted for si units by R. L. Constable, formerly lecturer, Department of Mathematical Sciences, University of St. Andrews.
246 30 - VARYING FORM OF TITLE
Title proper/short title Theory and problems of statistics
246 30 - VARYING FORM OF TITLE
Title proper/short title Statistics
250 ## - EDITION STATEMENT
Edition statement Second edition in si units.
250 ## - EDITION STATEMENT
Edition statement Metric edition.
264 #1 - PUBLICATION, DISTRIBUTION, ETC. (IMPRINT)
Place of publication, distribution, etc London :
Name of publisher, distributor, etc McGraw-Hill,
Date of publication, distribution, etc 1992.
300 ## - PHYSICAL DESCRIPTION
Extent viii, 504 pages :
Other physical details illustrations ;
Dimensions 28 cm.
336 ## - CONTENT TYPE
Source rdacontent
Content type term text
Content type code txt
337 ## - MEDIA TYPE
Media type term unmediated
Source rdamedia
Media type code n
338 ## - CARRIER TYPE
Carrier type term volume
Carrier type code nc
Source rdacarrier
490 0# - SERIES STATEMENT
Series statement Schaum’s outline series
500 ## - GENERAL NOTE
General note Includes index.
590 ## - LOCAL NOTE (RLIN)
Local note doha
650 #7 - SUBJECT ADDED ENTRY--TOPICAL TERM
Topical term or geographic name as entry element Statistics
General subdivision Problems, exercises, etc.
Source of heading or term BUEsh
9 (RLIN) 4000
655 ## - INDEX TERM--GENRE/FORM
Form subdivision Reading book
700 1# - ADDED ENTRY--PERSONAL NAME
Personal name Constable, R. L.,
Relator term editor.
942 ## - ADDED ENTRY ELEMENTS (KOHA)
Source of classification or shelving scheme Dewey Decimal Classification
Koha item type Book - Borrowing
Holdings
Withdrawn status Lost status Source of classification or shelving scheme Damaged status Not for loan Collection code Home library Current library Shelving location Date acquired Source of acquisition Total Checkouts Full call number Barcode Date last seen Price effective from Koha item type
    Dewey Decimal Classification     Baccah Central Library Central Library First floor 09/09/2007 Purchase   519.5076 SPI 000005311 15/07/2025 09/09/2007 Book - Borrowing